<?xml version="1.0" encoding="UTF-8"?><marc:collection xmlns:marc="http://www.loc.gov/MARC21/slim">
  <marc:record>
    <marc:leader>03102cam a22006492c 4500</marc:leader>
    <marc:controlfield tag="001">425591603</marc:controlfield>
    <marc:controlfield tag="003">DE-603</marc:controlfield>
    <marc:controlfield tag="005">20221001184826.0</marc:controlfield>
    <marc:controlfield tag="007">cr |||||||||||</marc:controlfield>
    <marc:controlfield tag="008">180208s2017    xx |||| om   u00| u|ger  </marc:controlfield>
    <marc:datafield tag="015" ind1=" " ind2=" ">
      <marc:subfield code="a">18,O02</marc:subfield>
      <marc:subfield code="2">dnb</marc:subfield>
    </marc:datafield>
    <marc:datafield tag="016" ind1="7" ind2=" ">
      <marc:subfield code="2">DE-101</marc:subfield>
      <marc:subfield code="a">1149688653</marc:subfield>
    </marc:datafield>
    <marc:datafield tag="024" ind1="7" ind2=" ">
      <marc:subfield code="a">10.4126/FRL01-006406018</marc:subfield>
      <marc:subfield code="2">doi</marc:subfield>
    </marc:datafield>
    <marc:datafield tag="024" ind1="7" ind2=" ">
      <marc:subfield code="a">urn:nbn:de:hbz:38m-frl:64060186</marc:subfield>
      <marc:subfield code="2">urn</marc:subfield>
    </marc:datafield>
    <marc:datafield tag="035" ind1=" " ind2=" ">
      <marc:subfield code="a">(DE-599)DNB1149688653</marc:subfield>
    </marc:datafield>
    <marc:datafield tag="040" ind1=" " ind2=" ">
      <marc:subfield code="a">DE-603</marc:subfield>
      <marc:subfield code="b">ger</marc:subfield>
      <marc:subfield code="c">DE-603</marc:subfield>
      <marc:subfield code="d">DE-603</marc:subfield>
    </marc:datafield>
    <marc:datafield tag="041" ind1=" " ind2=" ">
      <marc:subfield code="a">ger</marc:subfield>
    </marc:datafield>
    <marc:datafield tag="084" ind1=" " ind2=" ">
      <marc:subfield code="a">610</marc:subfield>
      <marc:subfield code="q">DE-101</marc:subfield>
      <marc:subfield code="2">sdnb</marc:subfield>
    </marc:datafield>
    <marc:datafield tag="100" ind1="1" ind2=" ">
      <marc:subfield code="8">1\p</marc:subfield>
      <marc:subfield code="a">Schmitz-Steinkrüger, Lea</marc:subfield>
      <marc:subfield code="e">Verfasser</marc:subfield>
      <marc:subfield code="4">aut</marc:subfield>
      <marc:subfield code="0">(DE-603)424285916</marc:subfield>
      <marc:subfield code="0">(DE-588)1149378999</marc:subfield>
      <marc:subfield code="2">gnd</marc:subfield>
    </marc:datafield>
    <marc:datafield tag="245" ind1="1" ind2="0">
      <marc:subfield code="a">Genetische Analyse von Patienten mit der klinischen Diagnose einer Motoneuron-Erkrankung mittels Genpanel-Sequenzierung und Exom-Sequenzierung</marc:subfield>
      <marc:subfield code="c">Lea Schmitz-Steinkrüger</marc:subfield>
    </marc:datafield>
    <marc:datafield tag="264" ind1=" " ind2="1">
      <marc:subfield code="a">Köln</marc:subfield>
      <marc:subfield code="b">Deutsche Zentralbibliothek für Medizin</marc:subfield>
      <marc:subfield code="c">2017</marc:subfield>
    </marc:datafield>
    <marc:datafield tag="300" ind1=" " ind2=" ">
      <marc:subfield code="a">Online-Ressource</marc:subfield>
    </marc:datafield>
    <marc:datafield tag="336" ind1=" " ind2=" ">
      <marc:subfield code="a">Text</marc:subfield>
      <marc:subfield code="b">txt</marc:subfield>
      <marc:subfield code="2">rdacontent</marc:subfield>
    </marc:datafield>
    <marc:datafield tag="337" ind1=" " ind2=" ">
      <marc:subfield code="a">Computermedien</marc:subfield>
      <marc:subfield code="b">c</marc:subfield>
      <marc:subfield code="2">rdamedia</marc:subfield>
    </marc:datafield>
    <marc:datafield tag="338" ind1=" " ind2=" ">
      <marc:subfield code="a">Online-Ressource</marc:subfield>
      <marc:subfield code="b">cr</marc:subfield>
      <marc:subfield code="2">rdacarrier</marc:subfield>
    </marc:datafield>
    <marc:datafield tag="502" ind1=" " ind2=" ">
      <marc:subfield code="b">Dissertation</marc:subfield>
      <marc:subfield code="c">Köln, Universität zu Köln</marc:subfield>
      <marc:subfield code="d">2017</marc:subfield>
    </marc:datafield>
    <marc:datafield tag="521" ind1="8" ind2=" ">
      <marc:subfield code="a">Ohne Altersbeschränkung</marc:subfield>
    </marc:datafield>
    <marc:datafield tag="650" ind1=" " ind2="7">
      <marc:subfield code="8">2\p</marc:subfield>
      <marc:subfield code="a">Motoneuron</marc:subfield>
      <marc:subfield code="0">(DE-588)4135747-4</marc:subfield>
      <marc:subfield code="0">(DE-603)085502014</marc:subfield>
      <marc:subfield code="2">gnd</marc:subfield>
    </marc:datafield>
    <marc:datafield tag="650" ind1=" " ind2="7">
      <marc:subfield code="8">3\p</marc:subfield>
      <marc:subfield code="a">Krankheit</marc:subfield>
      <marc:subfield code="0">(DE-588)4032844-2</marc:subfield>
      <marc:subfield code="0">(DE-603)085087696</marc:subfield>
      <marc:subfield code="2">gnd</marc:subfield>
    </marc:datafield>
    <marc:datafield tag="650" ind1=" " ind2="7">
      <marc:subfield code="8">4\p</marc:subfield>
      <marc:subfield code="a">Patient</marc:subfield>
      <marc:subfield code="0">(DE-588)4044903-8</marc:subfield>
      <marc:subfield code="0">(DE-603)085126195</marc:subfield>
      <marc:subfield code="2">gnd</marc:subfield>
    </marc:datafield>
    <marc:datafield tag="650" ind1=" " ind2="7">
      <marc:subfield code="8">5\p</marc:subfield>
      <marc:subfield code="a">Spinale Muskelatrophie</marc:subfield>
      <marc:subfield code="0">(DE-588)4219224-9</marc:subfield>
      <marc:subfield code="0">(DE-603)086129996</marc:subfield>
      <marc:subfield code="2">gnd</marc:subfield>
    </marc:datafield>
    <marc:datafield tag="650" ind1=" " ind2="7">
      <marc:subfield code="8">6\p</marc:subfield>
      <marc:subfield code="a">Sequenzanalyse</marc:subfield>
      <marc:subfield code="g">Chemie</marc:subfield>
      <marc:subfield code="0">(DE-588)4132277-0</marc:subfield>
      <marc:subfield code="0">(DE-603)085475211</marc:subfield>
      <marc:subfield code="2">gnd</marc:subfield>
    </marc:datafield>
    <marc:datafield tag="650" ind1=" " ind2="7">
      <marc:subfield code="8">7\p</marc:subfield>
      <marc:subfield code="a">Diagnose</marc:subfield>
      <marc:subfield code="0">(DE-588)4012040-5</marc:subfield>
      <marc:subfield code="0">(DE-603)085025917</marc:subfield>
      <marc:subfield code="2">gnd</marc:subfield>
    </marc:datafield>
    <marc:datafield tag="650" ind1=" " ind2="7">
      <marc:subfield code="8">8\p</marc:subfield>
      <marc:subfield code="a">Genanalyse</marc:subfield>
      <marc:subfield code="0">(DE-588)4200230-8</marc:subfield>
      <marc:subfield code="0">(DE-603)086011219</marc:subfield>
      <marc:subfield code="2">gnd</marc:subfield>
    </marc:datafield>
    <marc:datafield tag="655" ind1=" " ind2="7">
      <marc:subfield code="a">Hochschulschrift</marc:subfield>
      <marc:subfield code="0">(DE-588)4113937-9</marc:subfield>
      <marc:subfield code="0">(DE-603)085338818</marc:subfield>
      <marc:subfield code="2">gnd-content</marc:subfield>
    </marc:datafield>
    <marc:datafield tag="856" ind1=" " ind2=" ">
      <marc:subfield code="u">http://nbn-resolving.de/urn:nbn:de:hbz:38m-frl:64060186</marc:subfield>
      <marc:subfield code="x">Resolving-System</marc:subfield>
      <marc:subfield code="z">kostenfrei</marc:subfield>
    </marc:datafield>
    <marc:datafield tag="856" ind1=" " ind2=" ">
      <marc:subfield code="q">application/pdf</marc:subfield>
      <marc:subfield code="u">https://repository.publisso.de/resource/frl:6406018</marc:subfield>
      <marc:subfield code="x">Verlag</marc:subfield>
      <marc:subfield code="z">kostenfrei</marc:subfield>
    </marc:datafield>
    <marc:datafield tag="883" ind1="0" ind2=" ">
      <marc:subfield code="8">1\p</marc:subfield>
      <marc:subfield code="a">cgwrk</marc:subfield>
      <marc:subfield code="d">20220215</marc:subfield>
      <marc:subfield code="q">DE-101</marc:subfield>
      <marc:subfield code="u">https://d-nb.info/provenance/plan#cgwrk</marc:subfield>
    </marc:datafield>
    <marc:datafield tag="883" ind1="0" ind2=" ">
      <marc:subfield code="8">2\p</marc:subfield>
      <marc:subfield code="a">maschinell gebildet</marc:subfield>
      <marc:subfield code="c">0,44897</marc:subfield>
      <marc:subfield code="q">DE-101</marc:subfield>
    </marc:datafield>
    <marc:datafield tag="883" ind1="0" ind2=" ">
      <marc:subfield code="8">3\p</marc:subfield>
      <marc:subfield code="a">maschinell gebildet</marc:subfield>
      <marc:subfield code="c">0,10163</marc:subfield>
      <marc:subfield code="q">DE-101</marc:subfield>
    </marc:datafield>
    <marc:datafield tag="883" ind1="0" ind2=" ">
      <marc:subfield code="8">4\p</marc:subfield>
      <marc:subfield code="a">maschinell gebildet</marc:subfield>
      <marc:subfield code="c">0,07341</marc:subfield>
      <marc:subfield code="q">DE-101</marc:subfield>
    </marc:datafield>
    <marc:datafield tag="883" ind1="0" ind2=" ">
      <marc:subfield code="8">5\p</marc:subfield>
      <marc:subfield code="a">maschinell gebildet</marc:subfield>
      <marc:subfield code="c">0,06420</marc:subfield>
      <marc:subfield code="q">DE-101</marc:subfield>
    </marc:datafield>
    <marc:datafield tag="883" ind1="0" ind2=" ">
      <marc:subfield code="8">6\p</marc:subfield>
      <marc:subfield code="a">maschinell gebildet</marc:subfield>
      <marc:subfield code="c">0,04730</marc:subfield>
      <marc:subfield code="q">DE-101</marc:subfield>
    </marc:datafield>
    <marc:datafield tag="883" ind1="0" ind2=" ">
      <marc:subfield code="8">7\p</marc:subfield>
      <marc:subfield code="a">maschinell gebildet</marc:subfield>
      <marc:subfield code="c">0,03143</marc:subfield>
      <marc:subfield code="q">DE-101</marc:subfield>
    </marc:datafield>
    <marc:datafield tag="883" ind1="0" ind2=" ">
      <marc:subfield code="8">8\p</marc:subfield>
      <marc:subfield code="a">maschinell gebildet</marc:subfield>
      <marc:subfield code="c">0,02901</marc:subfield>
      <marc:subfield code="q">DE-101</marc:subfield>
    </marc:datafield>
    <marc:datafield tag="924" ind1="1" ind2=" ">
      <marc:subfield code="9">603</marc:subfield>
      <marc:subfield code="a">(DE-603)101732073X</marc:subfield>
      <marc:subfield code="b">DE-603</marc:subfield>
      <marc:subfield code="c">HES</marc:subfield>
      <marc:subfield code="d">d</marc:subfield>
    </marc:datafield>
    <marc:datafield tag="924" ind1="1" ind2=" ">
      <marc:subfield code="9">603</marc:subfield>
      <marc:subfield code="a">(DE-603)1017320748</marc:subfield>
      <marc:subfield code="b">DE-603</marc:subfield>
      <marc:subfield code="c">HES</marc:subfield>
      <marc:subfield code="d">d</marc:subfield>
    </marc:datafield>
    <marc:datafield tag="924" ind1="1" ind2=" ">
      <marc:subfield code="9">603</marc:subfield>
      <marc:subfield code="a">(DE-603)1017320756</marc:subfield>
      <marc:subfield code="b">DE-603</marc:subfield>
      <marc:subfield code="c">HES</marc:subfield>
      <marc:subfield code="d">d</marc:subfield>
    </marc:datafield>
    <marc:datafield tag="924" ind1="1" ind2=" ">
      <marc:subfield code="9">603</marc:subfield>
      <marc:subfield code="a">(DE-603)1017320764</marc:subfield>
      <marc:subfield code="b">DE-603</marc:subfield>
      <marc:subfield code="c">HES</marc:subfield>
      <marc:subfield code="d">d</marc:subfield>
    </marc:datafield>
    <marc:datafield tag="924" ind1="1" ind2=" ">
      <marc:subfield code="9">603</marc:subfield>
      <marc:subfield code="a">(DE-603)1017320772</marc:subfield>
      <marc:subfield code="b">DE-603</marc:subfield>
      <marc:subfield code="c">HES</marc:subfield>
      <marc:subfield code="d">d</marc:subfield>
    </marc:datafield>
    <marc:datafield tag="924" ind1="1" ind2=" ">
      <marc:subfield code="9">603</marc:subfield>
      <marc:subfield code="a">(DE-603)1017320780</marc:subfield>
      <marc:subfield code="b">DE-603</marc:subfield>
      <marc:subfield code="c">HES</marc:subfield>
      <marc:subfield code="d">d</marc:subfield>
    </marc:datafield>
    <marc:datafield tag="924" ind1="1" ind2=" ">
      <marc:subfield code="9">603</marc:subfield>
      <marc:subfield code="a">(DE-603)1017320799</marc:subfield>
      <marc:subfield code="b">DE-603</marc:subfield>
      <marc:subfield code="c">HES</marc:subfield>
      <marc:subfield code="d">d</marc:subfield>
    </marc:datafield>
    <marc:datafield tag="924" ind1="1" ind2=" ">
      <marc:subfield code="9">603</marc:subfield>
      <marc:subfield code="a">(DE-603)1017320802</marc:subfield>
      <marc:subfield code="b">DE-603</marc:subfield>
      <marc:subfield code="c">HES</marc:subfield>
      <marc:subfield code="d">d</marc:subfield>
    </marc:datafield>
    <marc:datafield tag="924" ind1="1" ind2=" ">
      <marc:subfield code="9">603</marc:subfield>
      <marc:subfield code="a">(DE-603)1017320810</marc:subfield>
      <marc:subfield code="b">DE-603</marc:subfield>
      <marc:subfield code="c">HES</marc:subfield>
      <marc:subfield code="d">d</marc:subfield>
    </marc:datafield>
    <marc:datafield tag="924" ind1="1" ind2=" ">
      <marc:subfield code="9">603</marc:subfield>
      <marc:subfield code="a">(DE-603)1108527000</marc:subfield>
      <marc:subfield code="b">DE-603</marc:subfield>
      <marc:subfield code="c">HES</marc:subfield>
      <marc:subfield code="d">d</marc:subfield>
    </marc:datafield>
    <marc:datafield tag="924" ind1="1" ind2=" ">
      <marc:subfield code="9">603</marc:subfield>
      <marc:subfield code="a">(DE-603)1017320845</marc:subfield>
      <marc:subfield code="b">DE-603</marc:subfield>
      <marc:subfield code="c">HES</marc:subfield>
      <marc:subfield code="d">d</marc:subfield>
    </marc:datafield>
    <marc:datafield tag="924" ind1="1" ind2=" ">
      <marc:subfield code="9">603</marc:subfield>
      <marc:subfield code="a">(DE-603)1017320853</marc:subfield>
      <marc:subfield code="b">DE-603</marc:subfield>
      <marc:subfield code="c">HES</marc:subfield>
      <marc:subfield code="d">d</marc:subfield>
    </marc:datafield>
  </marc:record>
</marc:collection>
